[Event "Ufa Penzina Memorial"]
[Site "Ufa"]
[Date "2023.08.07"]
[Round "2"]
[White "Maltseva, Elizaveta"]
[Black "Trofimova, Mariya D"]
[Result "1/2-1/2"]
[WhiteElo "1739"]
[BlackElo "1493"]
[PlyCount "126"]
[EventDate "2023.08.06"]
[EventType "swiss"]
[EventRounds "9"]
[EventCountry "RUS"]
[SourceTitle "CBM 215 Extra"]
[Source "ChessBase"]
[SourceDate "2023.09.30"]
[SourceVersion "1"]
[SourceVersionDate "2023.09.30"]
[SourceQuality "1"]

1. e4 e5 2. Nf3 Nc6 3. Bb5 a6 4. Ba4 Nf6 5. 0-0 b5 6. Bb3 Bc5 7. d3 d6 8. c3 h6 9. h3 0-0 10. Re1 Bb7 11. a4 d5 12. exd5 Nxd5 13. axb5 axb5 14. Rxa8 Bxa8 15. Nxe5 Bxf2+ 16. Kxf2 Nxe5 17. Kg1 Ng6 18. Rf1 Qd6 19. Qg4 c5 20. Na3 Qc6 21. Bd1 Kh7 22. Qg3 f5 23. Bf3 c4 24. dxc4 bxc4 25. Rd1 Rd8 26. Rd4 f4 27. Qf2 Qf6 28. Nxc4 Nh4 29. Be4+ Kh8 30. Bxf4 Nxf4 31. Rxd8+ Qxd8 32. Qxf4 Bxe4 33. Qxe4 Qg5 34. Ne5 Qc1+ 35. Kh2 g5 36. Qa8+ Kg7 37. Qb7+ Kf6 38. Ng4+ Kf5 39. Qh7+ Ke6 40. Qe4+ Kd7 41. Nf6+ Kd6 42. Qd5+ Ke7 43. Qe5+ Kf7 44. Ng4 Qxb2 45. Qd5+ Ke7 46. Qe4+ Kd8 47. Qd3+ Ke7 48. Qe4+ Kf8 49. Qa8+ Kg7 50. Qa7+ Kf8 51. Qc5+ Ke8 52. Qc8+ Ke7 53. Qc7+ Kf8 54. Qd8+ Kf7 55. Qd7+ Kf8 56. Qd6+ Kf7 57. Ne5+ Kg7 58. Qe7+ Kg8 59. Qe6+ Kg7 60. Qf7+ Kh8 61. Qe8+ Kg7 62. Qe7+ Kg8 63. Qe6+ Kg7 1/2-1/2

[Event "Moscow op-B (Women) 18th"]
[Site "Moscow"]
[Date "2022.07.14"]
[Round "1"]
[White "Maltseva, Elizaveta"]
[Black "Shafigullina, Zarina"]
[Result "0-1"]
[WhiteElo "1689"]
[BlackElo "2295"]
[PlyCount "134"]
[EventDate "2022.07.14"]
[EventType "swiss"]
[EventRounds "9"]
[EventCountry "RUS"]
[SourceTitle "CBM 209 Extra"]
[Source "ChessBase"]
[SourceDate "2022.09.30"]
[SourceVersion "1"]
[SourceVersionDate "2022.09.30"]
[SourceQuality "1"]

1. e4 c5 2. Nf3 d6 3. d4 cxd4 4. Nxd4 Nf6 5. Nc3 a6 6. h3 e5 7. Nde2 h5 8. g3 b5 9. Bg2 b4 10. Nd5 Nxd5 11. Qxd5 Ra7 12. Be3 Be6 13. Qd2 Rb7 14. 0-0 Be7 15. f4 Nd7 16. b3 Nf6 17. c4 Qc8 18. Kh2 a5 19. Nc1 0-0 20. Nd3 Rd8 21. Qb2 h4 22. f5 hxg3+ 23. Kxg3 Bd7 24. Kh2 Bc6 25. Nf2 Kh7 26. Bf3 Rh8 27. Rg1 Rb8 28. Rg3 Qb7 29. Rag1 Rhg8 30. Qe2 g6 31. fxg6+ Rxg6 32. Bg5 Rh8 33. Bh5 Be8 34. Bxg6+ fxg6 35. Rf3 Nh5 36. Bxe7 Qxe7 37. Nd3 Kg7 38. Qg2 Nf6 39. Rg3 Rh6 40. Qf3 Bc6 41. Nf2 Qe6 42. Qf5 Qf7 43. Qf3 Nh5 44. Qxf7+ Kxf7 45. Rf3+ Nf4 46. Re1 Bd7 47. Rd1 Ke7 48. Rg1 Bc6 49. Re1 Bd7 50. Rg1 Rh4 51. Re3 Kf7 52. Rh1 g5 53. Kg3 Nh5+ 54. Kg2 Nf4+ 55. Kf1 Kg6 56. Rg3 Kf6 57. Ke1 Be6 58. Kd2 Nh5 59. Rf3+ Nf4 60. Nd3 Bd7 61. Nxf4 exf4 62. Rd3 g4 63. Rxd6+ Ke7 64. Rd5 g3 65. Ke1 f3 66. Rxa5 f2+ 67. Ke2 g2 0-1